LEADER 01212nam a2200277 i 4500 001 000000153934 003 CaOOAMICUS 005 20061005000000.0 008 061005s1962 it u000 u ita u 013 $a131280 040 $aSeMil$bita 100 0 $aPaulus VI,$c.$0(OLS)http://semarc/name/803 245 10$aConcilio Ecumenico /$ctesto del cardinale Giovanni Battista Montini. Il Papa del Concilio / di Enrico Manfrini. 260 $a[Italia] :$bGalleria d'Arte Sacra dei Contemporanei,$cstampa 1962. 300 $a52 p. :$briccamente ill. ;$c32 cm. 490 0 $aLe gemme rare : quaderni d'arte sacra 700 1 $aManfrini, Enrico.$0(OLS)http://semarc/name/43775 830 3$aLe gemme rare : quaderni d'arte sacra.$0(OLS)http://semarc/title/14144 850 $aSeMil 852 $aSeMil$W1$xVenegono$y1$m5N IX 31$j105817$B105817$CSeMilBibl$Z2$F115011 $8I 900 1 $aMontini, Giovanni Battista,$d<1897-1978>. 900 0 $aPaolo VI$c. 996 $6245$aConcilio Ecumenico$9(OLS)http://semarc/title/225239 996 $6260$a[Italia] :$bGalleria d'Arte Sacra dei Contemporanei$9(OLS)http://semarc/publisher/32951 LEADER 00906nam a2200229 i 4500 001 000000188647 003 CaOOAMICUS 005 20100415000000.0 008 100415s1912 it u000 u ita u 013 $a166862 040 $aSeMil$bita 100 1 $aReinach, Salomon,$d<1858-1932>.$0(OLS)http://semarc/name/7318 245 10$aVol. 2 /$cSalomone Reinach. 260 $aMilano [etc.] :$bRemo Sandron,$c1912. 300 $aP. 575-1110 ;$c23 cm. 490 0 $aL'indagine moderna ;$v17. 773 0 $aReinach, Salomon <1858-1932>$tOrpheus.$dMilano [etc.] : Remo Sandron, 1912.$g2$w()15792 830 2$aL'indagine moderna ;$v17.$0(OLS)http://semarc/title/15080 850 $aSeMil 852 $aSeMil$W1$xVenegono$y1$m2X IV 46$j139286$B139286$CSeMilBibl$Z2$F150897 $81 996 $6245$aVol. 2$9(OLS)http://semarc/title/54073 996 $6260$aMilano [etc.] :$bRemo Sandron$9(OLS)http://semarc/publisher/33143